| Tag |
First Indicator |
Second Indicator |
Subfields |
| LEADER |
00000nam a2200000 4500 |
| 001 |
in00004227821 |
| 005 |
20200806100254.0 |
| 006 |
m g d |
| 007 |
cr bn |||a|bb| |
| 008 |
910614s1623 enk o 00| | eng d |
| 035 |
|
|
|a (UnM)99843039
|
| 037 |
|
|
|a CL0036000029
|b ProQuest. 789 E. Eisenhower Parkway, Ann Arbor, MI 48108-3218
|
| 040 |
|
|
|a Cu-RivES
|c Cu-RivES
|d CStRLIN
|e dcrb
|d WaOLN
|
| 110 |
2 |
|
|a University of Cambridge.
|
| 245 |
1 |
0 |
|a True copies of all the Latine orations, made and pronounced at Cambridge, on Tuesday and Thursday, the 25. and 27. of Februarie last past 1622. by the Vice-chancellor and others of that Vniuersitie. In their entertainment of the excellent lord, Don Charles de Coloma, ambassador for his Catholike Majestie of Spaine, to the Kings most Excellent Maiestie; and of the most illustrious lord, Ferdinand, Baron of Boyscot, ambassador from the most renowmed princesse, Isabella, Clara Eugenia, Arch-Duchesse of Austria, &c. To the Kings most Excellent Maiestie. As also of an oration made and pronounced by the Vice-chancellor the 19. of March last, to the Kings most Excellent Majestie, wherein mention is made of the said ambassadors. With their translations into English. Published by command
|
| 260 |
|
|
|a London :
|b Printed by W. Stansby for Richard Meighen, and are to be sold at his shop without Temple-Barre at the signe of the Legge, ouer against the Chequer Tauerne betwixt Arundell house and Strand bridge,
|c 1623.
|
| 300 |
|
|
|a 1 online resource ([36] pages)
|
| 336 |
|
|
|a text
|b txt
|2 rdacontent
|
| 337 |
|
|
|a computer
|b c
|2 rdamedia
|
| 338 |
|
|
|a online resource
|b cr
|2 rdacarrier
|
| 500 |
|
|
|a Vice-chancellor = Jerome Beale.
|
| 500 |
|
|
|a Signatures: A-D⁴ E² .
|
| 500 |
|
|
|a Reproduction of the original in Harvard University. Library.
|
| 510 |
4 |
|
|a STC (2nd edition)
|c 4494.
|
| 533 |
|
|
|a Electronic reproduction.
|b Ann Arbor, Mich. :
|c UMI,
|d 1999-
|f (Early English books online)
|n Digital version of: (Early English books, 1475-1640 ; 1059:27)
|7 s1999 miun s
|
| 650 |
|
0 |
|a Speeches, addresses, etc., Latin.
|
| 700 |
1 |
|
|a Beale, Jerome,
|d d. 1630.
|
| 830 |
|
0 |
|a Early English books online.
|
| 856 |
4 |
0 |
|u http://proxy.library.tamu.edu/login?url=https://search.proquest.com/docview/2240894771
|z Connect to the full text of this electronic book
|t 0
|
| 999 |
f |
f |
|s 33e4052c-762f-3f57-bff2-7d05b27a58fa
|i 3b48fc90-0f18-31e3-9650-2fb71984b374
|t 0
|
| 952 |
f |
f |
|a Texas A&M University
|b College Station
|c Electronic Resources
|d Available Online
|t 0
|h No information provided
|
| 998 |
f |
f |
|t 0
|l Available Online
|